Electric machinery fundamentals (Record no. 1110)

000 -LEADER
fixed length control field 00674nam a22002294a 4500
001 - CONTROL NUMBER
control field 1110
003 - CONTROL NUMBER IDENTIFIER
control field BD-DhUET
008 - FIXED-LENGTH DATA ELEMENTS--GENERAL INFORMATION
fixed length control field 030923s2005 nyua b 001 0 eng
020 ## - INTERNATIONAL STANDARD BOOK NUMBER
International Standard Book Number 0071151559
040 ## - CATALOGING SOURCE
Original cataloging agency DLC
Transcribing agency DLC
Modifying agency BD-DhUET
082 00 - DEWEY DECIMAL CLASSIFICATION NUMBER
Classification number 623
Item number CHA/2005
100 1# - MAIN ENTRY--PERSONAL NAME
Personal name Chapman, Stephen J.
245 10 - TITLE STATEMENT
Title Electric machinery fundamentals
250 ## - EDITION STATEMENT
Edition statement 4th ed.
260 ## - PUBLICATION, DISTRIBUTION, ETC. (IMPRINT)
Place of publication, distribution, etc. Boston
Name of publisher, distributor, etc. McGraw-Hill
Date of publication, distribution, etc. 2005
300 ## - PHYSICAL DESCRIPTION
Extent xxii, 746p.
Other physical details ill.
Dimensions 24 cm.
500 ## - GENERAL NOTE
General note Includes bibliographies
650 #0 - SUBJECT ADDED ENTRY--TOPICAL TERM
Topical term or geographic name as entry element Electric engineering
856 41 - ELECTRONIC LOCATION AND ACCESS
Uniform Resource Identifier http://www.loc.gov/catdir/toc/mh041/2003065174.html
856 42 - ELECTRONIC LOCATION AND ACCESS
Uniform Resource Identifier http://www.loc.gov/catdir/description/mh041/2003065174.html
942 ## - ADDED ENTRY ELEMENTS (KOHA)
Koha item type General Book
Holdings
Withdrawn status Copy number Shelving location Koha date last seen Sublocation or collection (holding branch) Koha full call number Not for loan Lost status Koha item type Koha renewals Koha issues (times borrowed) Source of classification or shelving scheme Piece designation (barcode) Koha date last borrowed Date acquired Koha out on loan Location (home branch) Koha normalized classification for sorting Price effective from Damaged status
 1Circulation section2025-04-16Central Library, BUET623/CHA/2005  General Book 15 1033332024-12-182014-08-30 Central Library, BUET623_000000000000000_CHA_20052014-08-30 
 2Circulation section2026-04-15Central Library, BUET623/CHA/2005  General Book 23 1033352026-03-302014-08-30 Central Library, BUET623_000000000000000_CHA_20052014-08-30 
 3Circulation section2016-02-27Central Library, BUET623/CHA/2005  General Book 2 1033362016-02-272014-08-302017-02-26Central Library, BUET623_000000000000000_CHA_20052014-08-30 
 4Circulation section2022-11-22Central Library, BUET623/CHA/2005  General Book111 1033372022-11-222014-08-302022-12-06Central Library, BUET623_000000000000000_CHA_20052014-08-30 
 5Circulation section2025-12-01Central Library, BUET623/CHA/2005  General Book 17 1033392025-12-012015-01-262025-12-15Central Library, BUET623_000000000000000_CHA_20052015-01-26 
 6Circulation section2026-02-03Central Library, BUET623/CHA/2005  General Book 25 1033402026-01-072015-12-30 Central Library, BUET623_000000000000000_CHA_20052015-12-30